000 00939cab a2200265 4500
001 WB2832-29
008 090401t1992 xxu||||| |||| 00| 0 eng d
035 _a(Sirsi) u77365
041 _aeng
245 _aDebt after the property crash
260 _c1992
350 _a0
490 _aFinancial Times
_v7 August 1992, 9(1)
520 _aIt will take longer to clear the current property debt than after the 1973-74 crash with investors, according to research by DTC, wary of the large supply of property, which the banks could deposit on the market, and reluctant to help the banks by buying. "Money into property" £50
650 _aBANK LENDING
650 _aDEBENHAM TEWSON RESEARCH
650 _aDEBTS
650 _aPROPERTY CRASH
650 _aPROPERTY INVESTMENT
650 _aREFINANCING
650 _aROLL OVER LOANS
690 _aPROPERTY-PROPERTY FINANCE AND INVESTMENT
942 _n0
948 _c04/03/1997
999 _c48640
_d48640